Dizionario spagnolo : spagnolo - italiano, italiano - spagnolo
Сохранить в:
| Формат: | |
|---|---|
| Язык: | Undetermined |
| Опубликовано: |
Italia
Boroli Editore
2005
|
| Предметы: | |
| Метки: |
Добавить метку
Нет меток, Требуется 1-ая метка записи!
|
MARC
| LEADER | 00000nam a2200000Ia 4500 | ||
|---|---|---|---|
| 008 | 170316s9999 xx 000 0 und d | ||
| 040 | |a cru BVZT | ||
| 090 | |a R-413 D -1d ITA-ESP | ||
| 245 | |a Dizionario spagnolo : spagnolo - italiano, italiano - spagnolo | ||
| 260 | |a Italia | ||
| 260 | |b Boroli Editore | ||
| 260 | |c 2005 | ||
| 300 | |a xlii, 850 páginas, 63 páginas. | ||
| 500 | |a En el lomo: Collins concise | ||
| 505 | |a Contiene: Introducción italiano Introducción español Abreviaturas Transcripción fonética La pronunciaciónn española La pronunciaciónn italiana Verbos españoles Verbos italianos Los números La hora y la fecha Italiano activo | ||
| 650 | |a REFERENCIA |9 27 | ||
| 650 | 0 | |a DICCIONARIO |9 28 | |
| 650 | 0 | |a ESPAÑOL-ITALIANO |9 39 | |
| 650 | 0 | |a ITALIANO-ESPAÑOL |9 29 | |
| 942 | |c REF |2 z | ||
| 999 | |c 15045 |d 15045 | ||
